| Tag |
First Indicator |
Second Indicator |
Subfields |
| LEADER |
00000cam a2200000 a 4500 |
| 001 |
in00000097052 |
| 005 |
20150924084933.0 |
| 008 |
791002s1978 mau 00010 eng d |
| 035 |
|
|
|a (OCoLC)05455944
|
| 035 |
|
|
|9 AAK8924AM
|
| 040 |
|
|
|a UUM
|c UUM
|d m.c.
|d TXA
|d UtOrBLW
|
| 049 |
|
|
|a TXAM
|c [1655912]
|
| 090 |
|
|
|a LB1028.4
|b B35
|
| 100 |
1 |
|
|a Bantly, Harold A.
|
| 245 |
1 |
4 |
|a The media program profile :
|b an assessment technique /
|c designed by Harold A. Bantly.
|
| 264 |
|
1 |
|a Framingham, Mass. :
|b New England School Development Council,
|c [1978]
|
| 264 |
|
4 |
|c ©1978
|
| 300 |
|
|
|a 20 pages ;
|c 28 cm.
|
| 336 |
|
|
|a text
|b txt
|2 rdacontent
|
| 337 |
|
|
|a unmediated
|b n
|2 rdamedia
|
| 338 |
|
|
|a volume
|b nc
|2 rdacarrier
|
| 650 |
|
0 |
|a Media programs (Education)
|x Evaluation.
|
| 710 |
2 |
|
|a New England School Development Council.
|
| 999 |
|
|
|a MARS
|
| 999 |
f |
f |
|s 2d801b9e-3814-330f-a4d7-dc2c564fcf67
|i 8980b972-2f56-304a-bed6-157c2054c992
|t 0
|
| 952 |
f |
f |
|p ric
|a Texas A&M University
|b Rellis Campus
|c Joint Library Facility
|d Remote Storage
|t 0
|e LB1028.4 B35
|h Library of Congress classification
|i unmediated -- volume
|m A14806040665
|
| 998 |
f |
f |
|a LB1028.4 B35
|t 0
|l Remote Storage
|